000 00263nam a2200121Ia 4500
001 10601
003 GE_BSU
008 181216s||||||||xx |||||||||||||| ||und||
040 _cGE_BSU
245 _aLe Point №2157. 16 janvier 2014.
653 _aLe Point
942 _cCR
999 _c43853
_d43853